|
|
|
|
| LEADER |
02176nam a2200553 a 4500 |
| 001 |
nkc20081808556 |
| 003 |
CZ PrNK |
| 005 |
20080915151556.0 |
| 007 |
ta |
| 008 |
080613s2008 xr e f 000 0 cze |
| 015 |
|
|
|a cnb001808556
|
| 020 |
|
|
|a 978-80-254-2904-4
|q (v knize neuvedeno ;
|q kroužková vazba) :
|c Kč 80,00
|
| 035 |
|
|
|a (OCoLC)259736896
|
| 040 |
|
|
|a OLA001
|b cze
|d BOA001
|
| 072 |
|
7 |
|a 159.92
|x Vývojová psychologie. Individuální psychologie
|2 Konspekt
|9 17
|
| 080 |
|
|
|a 159.923
|2 MRF
|
| 080 |
|
|
|a 159.9:575.8
|2 MRF
|
| 080 |
|
|
|a 575.858
|2 MRF
|
| 080 |
|
|
|a 316.628
|2 MRF
|
| 080 |
|
|
|a 379.8:793/796
|2 MRF
|
| 080 |
|
|
|a 316.42"19/20"
|2 MRF
|
| 080 |
|
|
|a (035)
|2 MRF
|
| 100 |
1 |
|
|a Homola, Karel
|7 ola2003199602
|4 aut
|
| 245 |
1 |
0 |
|a O užitečnosti porozumění leskům i bídám postmoderních evolučních her, aneb, Aneb [sic] o evoluci bifurkačně hravých relativizací individuálních i sociálních životních snů i skutečností /
|c Karel Homola
|
| 246 |
3 |
0 |
|a O evoluci bifurkačně hravých relativizací individuálních i sociálních životních snů i skutečností :
|
| 250 |
|
|
|a Vyd. 1.
|
| 260 |
|
|
|a Radostín nad Oslavou :
|b Karel Homola,
|c 2008
|
| 300 |
|
|
|a 34 s. ;
|c 15 x 22 cm
|
| 490 |
1 |
|
|a Základy evoluční gramotnosti
|
| 650 |
0 |
7 |
|a psychologie osobnosti
|7 ph115951
|2 czenas
|
| 650 |
0 |
7 |
|a evoluční psychologie
|7 ph120409
|2 czenas
|
| 650 |
0 |
7 |
|a evoluční teorie
|7 ph120055
|2 czenas
|
| 650 |
0 |
7 |
|a lidské potřeby
|7 ph122341
|2 czenas
|
| 650 |
0 |
7 |
|a hry
|7 ph114716
|2 czenas
|
| 650 |
0 |
7 |
|a postmoderní společnost
|7 ph124410
|2 czenas
|
| 650 |
0 |
9 |
|a psychology of personality
|2 eczenas
|
| 650 |
0 |
9 |
|a genetic psychology
|2 eczenas
|
| 650 |
0 |
9 |
|a evolutionary theories
|2 eczenas
|
| 650 |
0 |
9 |
|a human need
|2 eczenas
|
| 650 |
0 |
9 |
|a games
|2 eczenas
|
| 650 |
0 |
9 |
|a postmodern society
|2 eczenas
|
| 655 |
|
7 |
|a příručky
|7 fd133209
|2 czenas
|
| 655 |
|
9 |
|a handbooks and manuals
|2 eczenas
|
| 830 |
|
0 |
|a Základy evoluční gramotnosti
|0 s
|
| 910 |
2 |
|
|a BOA001
|b 2-1207.613
|
| 990 |
|
|
|a BK
|
| 995 |
|
|
|a 01
|
| 991 |
|
|
|b 200807
|c NOV
|
| 996 |
6 |
|
|b 2610346932
|c 2-1207.613
|l MZK
|r Sklad / do 1 hodiny
|n 0
|p p.v.
|w 001066576
|u 000010
|a 1
|e BOA001
|j MZK50
|s P
|